01875nas a2200241Ia 4500001001100000003001000011008004100021040002500062041001300087100002200100210002000122222002000142245010100162250001100263260007800274300001200352310001000364362003100374500055000405501011400955520055001069650001401619R050-S0518IT-CnALBA170116c99999999xx |||||||||||| ||und|| aIT-CnALBAcIT-CnALBA aITALIANO aDEL LUNGO ISIDORO aNUOVA ANTOLOGIA aNUOVA ANTOLOGIA 0aNUOVA ANTOLOGIA. SETTEMBRE OTTOBRE 1879. II SERIE. VOL. XVII. b RIVISTA DI LETTERE SCIENZE ARTI a1a ed. a ROMAbTIPOGRAFIA BARBERA c1879 [1° Ed.:1879 - Ed.Ling.Originale: 1879] a780 p.  aVARIA aFascicolo: 17-20 / (1879) aFIRENZE INIZIO SECOLO XIV. CONFIDENZE POLITICHE DI MASSIMO D'AZEGLIO E ALFONSO LA MARMORA. PALEOETNOLOGIA VERONESE E FONDATORE, PIGNORINI L. LIDIA, RACCONTO, PIERANTONI MANCINI G. RESPONSABILITÀ DEI SOCI BANCHE OPERATIVE. ROSSI A. NOTIZIA LETTERARIA, ODI TIBERINE DI D. GNOLI. RASSEGNA MUSICALE. FIERE E TEATRI D'ESTATE IN ITALIA. LA STELLA DEL NORD DI MEYER BEER. LA MASSA DI VERDI. IL BARBIERE DI SIVIGLIA DEL MAESTRO GRAFFIGNA, F. D'ARCAIS. RASSEGNA POLITICA. CRISI MINISTERIALE IN AUSTRIA. I TUMULTI DI PARIGI... BOLLETTINO BIBLIOGRAFICO.  aSocietà San Paolo EM - Piazza San Paolo, 14 - 12051 ALBA (CN) (non commercial uses only) ® Copyright 2017 aFIRENZE INIZIO SECOLO XIV. CONFIDENZE POLITICHE DI MASSIMO D'AZEGLIO E ALFONSO LA MARMORA. PALEOETNOLOGIA VERONESE E FONDATORE, PIGNORINI L. LIDIA, RACCONTO, PIERANTONI MANCINI G. RESPONSABILITÀ DEI SOCI BANCHE OPERATIVE. ROSSI A. NOTIZIA LETTERARIA, ODI TIBERINE DI D. GNOLI. RASSEGNA MUSICALE. FIERE E TEATRI D'ESTATE IN ITALIA. LA STELLA DEL NORD DI MEYER BEER. LA MASSA DI VERDI. IL BARBIERE DI SIVIGLIA DEL MAESTRO GRAFFIGNA, F. D'ARCAIS. RASSEGNA POLITICA. CRISI MINISTERIALE IN AUSTRIA. I TUMULTI DI PARIGI... BOLLETTINO BIBLIOGRAFICO.  aPERIODICI